000 00582cam a2200241 4500
008 010815n2000 000 0 eng u
020 _a0793137063
035 _a(Sirsi) u114141
050 _a333.33
100 _aBoyd, P.
245 _aHow to buy & sell your home without getting ripped off
260 _aChicago
_bDearborn
_c2000
300 _axii,202p.
_c23cm.
350 _a27.00
650 _aBUYING
650 _aCONVEYANCING
650 _aHOUSE PURCHASE
650 _aHOUSES
650 _aSELLING
690 _aHOUSING
700 _aCoffey, L.
942 _n0
999 _c101581
_d101581